| 000 | 00474nam a2200181Ia 4500 | ||
|---|---|---|---|
| 008 | 240925s9999 xx 000 0 und d | ||
| 020 | _a137369433 | ||
| 082 | _a658.1511 HAR | ||
| 100 | _aHarris, John K.; Curry, Dudley W. | ||
| 245 | 0 | _aCost Accounting: a managerial emphasis | |
| 250 | _aNA | ||
| 260 |
_aOntario: _bPrentice Hall _c,1997. |
||
| 300 |
_a226p. _b0 _fOriginal |
||
| 500 | _aIncludes Index | ||
| 600 | _aManagement | ||
| 650 | _aManagement | ||
| 942 | _cBK | ||
| 999 |
_c14491 _d14491 |
||